000 03311nam0a2200397 4500
001 RU\NLR\BIBL_A\022355076
005 20260420015948.0
010 _a978-5-89588-448-5
_9100
021 _aRU
_bКН-П-24-052842
_9КН-П-24-5257
035 _a(NLR Aleph) 022355076
090 _a13667617
_c13667617
100 _a20241016d2024 u y0rusy50 ca
101 0 _arus
102 _aRU
105 _aa|||j|||000yy
181 0 _ai3
_baxxe
182 0 _an
200 1 _aБолезнь Альцгеймера и другие нейродегенеративные деменции
_eучебное пособие
_eдля обучающихся клинических ординаторов по специальности 31.08.42 "Неврология", слушателей циклов профессиональной переподготовки и повышения квалификации по специальности "Неврология"
_fВ. Ю. Лобзин, В. И. Головкин, А. А. Зуев, А. А. Альбицкая
_gМинистерство здравоохранения Российской Федерации, Федеральное государственное бюджетное образовательное учреждение высшего образования "Северо-Западный государственный медицинский университет имени И. И. Мечникова" Министерства здравоохранения Российской Федерации (ФГБОУ ВО СЗГМУ им. И. И. Мечникова Минздрава России), Кафедра неврологии имени академика С. Н. Давиденкова
203 _aТекст
_bвизуальный
_cнепосредственный
210 _aСанкт-Петербург
_cИзд-во ФГБОУ ВО СЗГМУ им. И. И. Мечникова Минздрава России
_d2024
215 _a79 с.
_cил., табл., цв. ил.
_d21
300 _aНа 3-й с. авт.: Лобзин В. Ю., Головкин В. И., доктора мед. наук, профессора, Зуев А. А., канд. мед. наук, доц., Альбицкая А. А., врач-невролог
320 _aБиблиогр.: с. 52-54
606 1 _aАльцгеймера болезнь
_jУчебные издания для последипломного образования
_9953061
_3RU\NLR\AUTH\6635798
606 1 _aДеменция при нейродегенеративных болезнях
_jУчебные издания для последипломного образования
_2nlr_sh2
_3RU\NLR\AUTH\6601747720
686 1 _aР645.8я77
686 1 _aР645.95я77
686 1 _aР620.42-7я77
701 1 _aЛобзин
_bВ. Ю.
_gВладимир Юрьевич
701 1 _aГоловкин
_bВ. И.
_gВладимир Иванович
701 1 _aЗуев
_bА. А.
_cканд. мед. наук
_gАндрей Александрович
_9142019
_3RU\NLR\AUTH\770142055
701 1 _aАльбицкая
_bА. А.
_gАнастасия Александровна
942 _cBOOK
980 _aNB